[Event "73rd ch-UKR"]
[Site "Kharkiv UKR"]
[Date "2004.08.30"]
[Round "4.1"]
[White "Moiseenko,A"]
[Black "Volokitin,And"]
[Result "1/2-1/2"]
[WhiteElo "2640"]
[BlackElo "2638"]

1.d4 Nf6 2.Bg5 Ne4 3.Bf4 c5 4.f3 Qa5+ 5.c3 Nf6 6.d5 Qb6 7.b3 e6 8.e4 exd5
9.exd5 Bd6 10.Bg5 Be7 11.Ne2 d6 12.c4 Qd8 13.Be3 b5 14.cxb5 O-O 15.Nec3 Re8
16.Be2 Nh5 17.Qd2 Bf6 18.a4 a6 19.Ra2 axb5 20.axb5 Rxa2 21.Nxa2 Nd7 22.Nbc3 Nb6
23.Ne4 Bh4+ 24.g3 f5 25.Bg5 Bxg5 26.Nxg5 c4 27.O-O cxb3 28.Nb4 f4 29.Ne4 fxg3
30.hxg3 Nxg3 31.Nxg3 Qh4 32.Ne4 Rxe4 33.fxe4 Qg3+ 34.Kh1 Qh3+  1/2-1/2

[Event "VI Sants Open"]
[Site "Barcelona ESP"]
[Date "2004.09.02"]
[Round "7"]
[White "Asis Garagatagli,H"]
[Black "Vilela,JL"]
[Result "1/2-1/2"]
[WhiteElo "2236"]
[BlackElo "2392"]

1.d4 Nf6 2.Bg5 Ne4 3.Bf4 c5 4.f3 Qa5+ 5.c3 Nf6 6.Nd2 cxd4 7.Nb3 Qb6 8.Qxd4 Qxd4
9.cxd4 d5 10.e3 Nc6 11.Ne2 e6 12.g4 Bb4+ 13.Kf2 Ke7 14.Rc1 Bd7 15.a3 Bd6
16.Bxd6+ Kxd6 17.Nc3 b6 18.g5 Ne8 19.h4 Nc7 20.e4 f6 21.gxf6 gxf6 22.Rg1 Rag8
23.Bd3 Be8 24.Ke3 h6 25.Nd2 Bf7 26.f4 Nxd4 27.exd5 exd5 28.Rxg8 Rxg8 29.Nce4+ dxe4
30.Nxe4+ Ke6 31.Rxc7 Nf5+ 32.Kf2 Nxh4 33.Bc4+ Kf5 34.Nd6+ Kxf4 35.Bxf7 Rg2+
36.Kf1 Rxb2 37.Rxa7 f5 38.Ra4+ Kg3 39.Bh5 Rd2 40.Nf7 Rf2+ 41.Kg1 Rg2+ 42.Kf1 Rf2+
43.Kg1 Rg2+ 44.Kf1 Rd2 45.Kg1 f4 46.Kf1 Rd5 47.Nxh6 Ng2 48.Be2 Nh4  1/2-1/2

[Event "FSGM September"]
[Site "Budapest HUN"]
[Date "2004.09.04"]
[Round "1"]
[White "Nguyen Ngoc Truongson"]
[Black "Ilincic,Z"]
[Result "1/2-1/2"]
[WhiteElo "2466"]
[BlackElo "2520"]

1.d4 Nf6 2.Bg5 Ne4 3.Bf4 c5 4.f3 Qa5+ 5.c3 Nf6 6.Nd2 cxd4 7.Nb3 Qf5 8.Bxb8 Rxb8
9.Qxd4 b6 10.e4 Qf4 11.Nh3 Qc7 12.e5 Ng8 13.O-O-O e6 14.f4 Ne7 15.Ng5 Nf5
16.Qd2 h6 17.Nf3 Bb7 18.Nfd4 Nxd4 19.Nxd4 a6 20.Rg1 Be7 21.g3 O-O 22.Bg2 Rfd8
23.Bxb7 Qxb7 24.Qg2 Qxg2 25.Rxg2 Rbc8 26.Rgd2 Kf8 27.Kc2 Ke8 28.Nf3 Rc6 29.Rd3 b5
30.Nd2 d5 31.exd6 Rdxd6 32.Rxd6 Rxd6 33.Nf3 Rxd1 34.Kxd1 g5 35.fxg5 hxg5
36.g4 f5 37.gxf5 exf5 38.Nd4 f4 39.h3 Kf7 40.Ke2 Bf6 41.Nf3 Ke6 42.Kd3 Kd5
43.b3 a5 44.Nd2 Bd8 45.c4+ bxc4+ 46.Nxc4 Bc7 47.a3 Bd8 48.b4 axb4 49.axb4 Bc7
50.Nd2 Bd6 51.Nf3 Be7 52.b5 Kc5 53.Ke4 Kxb5 54.h4  1/2-1/2

[Event "zt2.3.c2"]
[Site "San Jose CRC"]
[Date "2004.09.06"]
[Round "2"]
[White "Huguet,S"]
[Black "Hernandez Basante,F"]
[Result "0-1"]
[WhiteElo "2141"]
[BlackElo "2244"]

1.d4 Nf6 2.Bg5 Ne4 3.Bh4 c5 4.f3 g5 5.fxe4 gxh4 6.c3 Qb6 7.Qb3 cxd4 8.Qxb6 axb6
9.cxd4 Nc6 10.Nf3 Nb4 11.Kd2 Bh6+ 12.Kc3 Nxa2+ 13.Kc4 b5+ 14.Kxb5 Nc3+ 15.Nxc3 Rxa1
16.Nxh4 d6 17.g3 Bd7+ 18.Kb6 Be3 19.Nf3 Bg4 20.Kxb7 e6 21.Bg2 Rxh1 22.Bxh1 Bxf3
23.exf3 Bxd4 24.Na4 Kd7 25.Bg2 Rc8 26.Bf1 Rc7+ 27.Ka6 Ra7+ 28.Kb5 Rb7+ 29.Ka5 Kc6
30.Ba6 Rb3 31.Bc4 Rxf3 32.b4 Rf2 33.Ka6 Rxh2 34.b5+ Kc7 35.b6+ Kb8 36.Kb5 Kb7
37.Ka5 Rh5+ 38.Bb5 Rg5 39.g4 h6  0-1

[Event "8th WUCC"]
[Site "Instanbul TUR"]
[Date "2004.09.10"]
[Round "7"]
[White "Kanep,M"]
[Black "Erdogdu,M"]
[Result "1/2-1/2"]
[WhiteElo "2472"]
[BlackElo "2382"]

1.d4 Nf6 2.Bg5 Ne4 3.h4 c5 4.dxc5 Qa5+ 5.Nd2 Nxd2 6.Qxd2 Qxc5 7.e4 Nc6 8.O-O-O d6
9.Be3 Qa5 10.Qxa5 Nxa5 11.Ne2 Nc4 12.Bd4 e5 13.Ng3 Be6 14.b3 Nb6 15.Bxb6 axb6
16.Kb2 O-O-O 17.Bc4 g6 18.Bd5 h5 19.c4 Rh7 20.Rd3  1/2-1/2

[Event "2nd Chiuso GM"]
[Site "Rome ITA"]
[Date "2004.09.15"]
[Round "5"]
[White "Miladinovic,I"]
[Black "Vocaturo,D"]
[Result "0-1"]
[WhiteElo "2630"]
[BlackElo "2221"]

1.d4 Nf6 2.Bg5 Ne4 3.h4 c5 4.dxc5 Qa5+ 5.Nd2 h6 6.Be3 Nxc5 7.c3 Qc7 8.Nb3 d6
9.g3 b6 10.Bg2 Bb7 11.Nf3 e6 12.O-O Be7 13.Nxc5 bxc5 14.b4 Nd7 15.bxc5 Nxc5
16.Bxc5 dxc5 17.Nd2 Bxg2 18.Kxg2 Qc6+ 19.e4 O-O 20.Qf3 c4 21.Rfd1 Rfd8 22.e5 Rd5
23.Nf1 Bc5 24.Rxd5 exd5 25.Rd1 Rd8 26.Nh2 Bb6 27.h5 Qe6 28.Ng4 Ba5 29.a4 Bxc3
30.Ne3 d4 31.Nf5 Qxe5 32.Rb1 Kh7 33.Rb5 Qe6 34.Rc5 d3 35.Rc6 Qd5 36.Ne3 Qxf3+
37.Kxf3 Bd2 38.Nxc4 Bb4 39.Ne3 d2 40.Nd1 a5 41.Ke2 Rd5 42.g4 f5 43.f3 fxg4
44.fxg4 Re5+ 45.Kd3 Re1 46.Kc2 Re4 47.Rg6 Rc4+ 48.Kd3 Rc1 49.Ke2 Ra1 50.g5 hxg5
51.Rxg5 Rxa4 52.Rb5 Ra1 53.Rd5 Rb1 54.Rb5 Rb3 55.Nf2 Rg3 56.Rd5 Rg1 57.Kf3 a4  0-1

[Event "Georgiev-Kesarovski Mem"]
[Site "Sunny Beach BUL"]
[Date "2004.09.21"]
[Round "5"]
[White "Georgiev,Vl"]
[Black "Petkov,V"]
[Result "1/2-1/2"]
[WhiteElo "2563"]
[BlackElo "2375"]

1.d4 Nf6 2.Bg5 Ne4 3.Bf4 c5 4.f3 Nf6 5.d5 Qb6 6.Bc1 e6 7.c4 exd5 8.cxd5 c4
9.e3 Bc5 10.Kf2 O-O 11.Bxc4 Re8 12.Qb3 Qd6 13.Ne2  1/2-1/2

[Event "Open"]
[Site "Bucharest ROM"]
[Date "2004.09.22"]
[Round "1"]
[White "Nanu,C"]
[Black "Georgescu,C"]
[Result "1-0"]
[WhiteElo "2505"]
[BlackElo "2160"]

1.d4 Nf6 2.Bg5 Ne4 3.Bf4 d5 4.Nd2 Bf5 5.Ngf3 e6 6.e3 Bd6 7.Bg3 O-O 8.Be2 c5
9.O-O Nc6 10.Bxd6 Qxd6 11.dxc5 Qxc5 12.c3 Qb6 13.Qb3 Nxd2 14.Nxd2 Qxb3 15.axb3 Ne5
16.b4 Bd3 17.Bxd3 Nxd3 18.Ra2 a6 19.Nb3 Rac8 20.f4 e5 21.Rd1 e4 22.Nc1 Nxc1
23.Rxc1 Rfd8 24.Rd1 Rd7 25.Ra5 Rcd8 26.Rd4 Kf8 27.b5 Rd6 28.bxa6 bxa6 29.Kf1 Rb8
30.Rd2 Rdb6 31.Ra2 f6 32.Ke1 Ke7 33.Kd1 Ke6 34.Kc1 Rd8 35.Ra5 Rdd6 36.g4 Rb5
37.Ra4 Rc6 38.Rdd4 g6 39.Ra1 h6 40.h4 f5 41.g5 h5 42.Raa4 Rcb6 43.Ra2 Rc6
44.Kc2 Rb7 45.Rda4 Rbb6 46.Ra5 Kd6 47.Ra1 Ke6 48.Rd1 Rd6 49.Rc5 Rb5 50.Rxb5 axb5
51.Kb3 Ra6 52.Kb4 Ra8 53.Rb1 Kd6 54.Kxb5 Rb8+ 55.Ka5 Kc6 56.b3 Ra8+ 57.Kb4 Ra2
58.Re1 Kb6 59.c4 dxc4 60.bxc4 Rb2+ 61.Kc3 Rh2 62.Kd4 Rc2 63.Rd1 Kc7 64.Ra1 Rd2+
65.Ke5 Rd3 66.Ra7+ Kc6 67.Ra6+ Kc5 68.Rxg6 Rxe3 69.Kxf5 Re1 70.Re6 e3 71.g6 e2
72.Kf6 Kxc4 73.g7  1-0

[Event "79th ch-ARG"]
[Site "Buenos Aires ARG"]
[Date "2004.09.24"]
[Round "1"]
[White "Aberbach,A"]
[Black "Quiroga,F"]
[Result "0-1"]
[WhiteElo "2095"]
[BlackElo "2370"]

1.d4 Nf6 2.Bg5 Ne4 3.Bf4 d5 4.f3 Nd6 5.Nd2 Nc6 6.e3 f6 7.c4 e5 8.dxe5 fxe5
9.Bg3 d4 10.exd4 exd4 11.Bd3 Nf5 12.Bxf5 Bxf5 13.Ne4 Bb4+ 14.Kf2 O-O 15.a3 Bxe4
16.axb4 Nxb4 17.Qd2 Nd3+ 18.Kf1 Nc5 19.Ra3 Ne6 20.Bf2 Bf5 21.Ne2 c5 22.g4 Bg6  0-1

[Event "79th ch-ARG"]
[Site "Buenos Aires ARG"]
[Date "2004.09.25"]
[Round "2"]
[White "Ibanez,F"]
[Black "Real de Azua,E"]
[Result "0-1"]
[WhiteElo "2093"]
[BlackElo "2351"]

1.d4 Nf6 2.Bg5 Ne4 3.Bf4 c5 4.e3 Qb6 5.Nc3 Nxc3 6.bxc3 d6 7.Bd3 Nd7 8.Nf3 g6
9.O-O Bg7 10.e4 O-O 11.e5 dxe5 12.dxe5 Qc7 13.Qe2 e6 14.Rfe1 Nb6 15.c4 Bd7
16.Qe3 Bc6 17.Qxc5 Nd7 18.Qe3 Bxf3 19.gxf3 Nc5 20.Bh6 Rad8 21.Rad1 Rd7 22.Bxg7 Kxg7
23.Be2 Rfd8 24.Rxd7 Rxd7 25.Rd1 Rxd1+ 26.Bxd1 Nd7 27.Qd4 b6 28.f4 Nc5 29.Bf3 Qd7
30.c3 Qe7 31.Kf1 Qh4 32.Bc6 Qxh2 33.Ke2 h5 34.a4 h4 35.a5 Nb3 36.Qd8 Qxf4
37.axb6 axb6 38.Qxb6 Qxc4+ 39.Ke1 Qxc3+ 40.Kf1 Nd2+ 41.Ke2 Nc4 42.Qc5 Qxe5+
43.Qxe5+ Nxe5  0-1

[Event "Monarch Assurance"]
[Site "Port Erin IOM"]
[Date "2004.09.25"]
[Round "1"]
[White "Bigg,A"]
[Black "Holzke,F"]
[Result "0-1"]
[WhiteElo "2275"]
[BlackElo "2492"]

1.d4 Nf6 2.Bg5 Ne4 3.Bf4 c5 4.f3 Qa5+ 5.c3 Nf6 6.d5 e6 7.e4 exd5 8.exd5 d6
9.Na3 Be7 10.Nc4 Qd8 11.a4 O-O 12.Ne2 Nh5 13.Be3 Nd7 14.Ng3 Bh4 15.Bd3 Nb6
16.Nxb6 axb6 17.Kd2 Nf6 18.c4 Ne8 19.Qc2 g6 20.Ne2 Ng7 21.g3 Bg5 22.f4 Bf6
23.h3 b5 24.axb5 Rxa1 25.Rxa1 Bxh3 26.Rh1 Bg4 27.b4 Re8 28.Re1 Qe7 29.Bf2 cxb4
30.Qb3 Bxe2 31.Qxb4 Ra8 32.Rxe2 Ra2+ 33.Kd1 Rxe2 34.Bxe2 Nf5 35.Qb1 Bd4 36.Bxd4 Nxd4
37.Qd3 Qf6 38.Kd2 Nf5 39.Bg4 Qb2+ 40.Kd1 Nd4 41.Ke1 h5 42.Bd1 Nf5 43.Bxh5 Qg2
44.Bg4 Nxg3 45.Qe3 Qh1+ 46.Kf2 Ne4+ 47.Ke2 Qg2+ 48.Ke1 Qh1+ 49.Ke2 Qh2+ 50.Ke1 Qh4+
51.Kf1 Ng3+ 52.Kg2 Qxg4 53.Qxg3 Qe2+ 54.Qf2 Qxc4 55.Qd2 Qxb5 56.f5 Qb1  0-1

[Event "Monarch Assurance"]
[Site "Port Erin IOM"]
[Date "2004.09.25"]
[Round "1"]
[White "Groffen,H"]
[Black "Berzinsh,R"]
[Result "0-1"]
[WhiteElo "2244"]
[BlackElo "2455"]

1.d4 Nf6 2.Bg5 Ne4 3.Bf4 c5 4.f3 Qa5+ 5.c3 Nf6 6.Nd2 cxd4 7.Nb3 Qb6 8.Qxd4 Nc6
9.Qxb6 axb6 10.Nd4 e5 11.Nxc6 dxc6 12.Bxe5 Be6 13.e4 Nd7 14.Bd4 Nc5 15.a3 Bb3
16.Nh3 O-O-O 17.Be2 Na4 18.O-O Bc5 19.Bd1 Bxd1 20.Bxc5 bxc5 21.Raxd1 Nxb2
22.Rb1 Nc4 23.Rf2 Rd3 24.Rc1 Rhd8 25.Ra2 Rd1+ 26.Rxd1 Rxd1+ 27.Kf2 Rc1 28.Ng5 Rxc3
29.Nxh7 b5 30.Ng5 b4 31.axb4 cxb4 32.Nxf7 b3 33.Ra8+ Kb7 34.Ra4 b2 35.Rb4+ Kc7
36.Ng5 c5  0-1

[Event "IMB Classic"]
[Site "Gausdal NOR"]
[Date "2004.09.26"]
[Round "5"]
[White "Berg,K"]
[Black "Glenne,BE"]
[Result "1-0"]
[WhiteElo "2427"]
[BlackElo "2213"]

1.d4 Nf6 2.Bg5 Ne4 3.Bf4 c5 4.f3 Nf6 5.dxc5 Qa5+ 6.Nc3 Qxc5 7.e4 e5 8.Bg5 Be7
9.Qd2 O-O 10.O-O-O Qa5 11.Kb1 Nc6 12.Bc4 a6 13.Nge2 b5 14.Bb3 Qd8 15.Be3 Rb8
16.g4 Na5 17.g5 Ne8 18.Nd5 Bd6 19.Ng3 Nc4 20.Bxc4 bxc4 21.Qc3 g6 22.Nf6+ Nxf6
23.Rxd6 Ne8 24.Qxe5 c3 25.b3 Rb5 26.Rd5 d6 27.Qxc3 Rxd5 28.exd5 Bb7 29.Rd1 Nc7
30.Ne4 f5 31.Nf6+ Rxf6 32.gxf6 Kf8 33.f7 Kxf7 34.Bg5 Nb5 35.Qe3 Qa5 36.Qe6+ Kg7
37.Bf6+ Kh6 38.Qe3+ Kh5 39.Qg5+  1-0

[Event "Monarch Assurance"]
[Site "Port Erin IOM"]
[Date "2004.09.26"]
[Round "2"]
[White "Hutchinson,P"]
[Black "Kotronias,V"]
[Result "0-1"]
[WhiteElo "2216"]
[BlackElo "2608"]

1.d4 Nf6 2.Bg5 Ne4 3.Bf4 c5 4.f3 Qa5+ 5.c3 Nf6 6.d5 Qb6 7.Bc1 e6 8.c4 exd5
9.cxd5 c4 10.e3 Bc5 11.Kf2 O-O 12.Bxc4 Re8 13.Qb3 Qd6 14.Nc3 Qf4 15.Nge2 Bxe3+
16.Bxe3 Qxe3+ 17.Kf1 d6 18.Ne4 Rxe4 19.fxe4 Ng4 20.Ke1 Qxe4 21.Rg1 Ne5 22.Rc1 Nbd7
23.Qc2 Qh4+ 24.Ng3 Nc5 25.Be2 Qxh2 26.Kf2 Qh6 27.Rh1 Qf4+ 28.Kg1 Qxg3 29.Qxh7+ Kf8
30.Qh8+ Ke7 31.Qh4+ Qxh4 32.Rxh4 a5 33.Rd4 Bd7 34.b3 f5 35.Rc3 g5 36.Rh3 Ne4
37.a4 Rc8 38.Rh7+ Kf6 39.Bc4 g4 40.Bb5 Rc1+ 41.Bf1 Ng3 42.Rf4 Ne2+  0-1

[Event "VIII Itau Cup"]
[Site "Sao Paulo BRA"]
[Date "2004.09.26"]
[Round "3"]
[White "Felizes,P"]
[Black "Farah,D"]
[Result "1/2-1/2"]
[WhiteElo "2151"]
[BlackElo "1958"]

1.d4 Nf6 2.Bg5 Ne4 3.h4 d5 4.e3 c6 5.Nd2 Nxg5 6.hxg5 Bf5 7.g4 Bg6 8.f4 e6
9.Ngf3 f6 10.gxf6 gxf6 11.Nh4 Bf7 12.Bd3 Bg7 13.Nhf3 Nd7 14.Qe2 Qc7 15.O-O-O O-O-O
16.g5 f5 17.Ne5 Nxe5 18.fxe5 c5 19.c3 c4 20.Bc2 b5 21.Rdf1 Rdf8 22.Rf2 Qa5
23.a3 Qb6 24.Nf3 a5 25.Nh4 Be8 26.Rfh2 b4 27.axb4 axb4 28.Ng2 b3 29.Bb1 Bg6
30.Nf4 Re8 31.Qg2 Qa7 32.Nxg6 hxg6 33.Rh7 Qe7 34.Qg3  1/2-1/2

[Event "IMB Classic"]
[Site "Gausdal NOR"]
[Date "2004.09.28"]
[Round "7"]
[White "Berg,K"]
[Black "Unander,M"]
[Result "1-0"]
[WhiteElo "2427"]
[BlackElo "2186"]

1.d4 Nf6 2.Bg5 Ne4 3.Bf4 c5 4.f3 Qa5+ 5.c3 Nf6 6.d5 Qb6 7.b3 d6 8.c4 g6 9.Nc3 Bg7
10.Rc1 a6 11.e4 O-O 12.Bd3 e5 13.Be3 Nh5 14.Nge2 f5 15.exf5 gxf5 16.O-O Qc7
17.Qc2 Bh8 18.g4 Nf4 19.Bxf4 exf4 20.Nxf4 Bd4+ 21.Kh1 fxg4 22.Ne6 Bxe6 23.dxe6 Nc6
24.Nd5 Qg7 25.fxg4 Rae8 26.Bf5 Qh6 27.Rf3 Kh8 28.Rcf1 Be5 29.Qg2 Rxf5 30.gxf5 Rg8
31.Qh3  1-0

[Event "Monarch Assurance"]
[Site "Port Erin IOM"]
[Date "2004.09.29"]
[Round "5"]
[White "Grant,A"]
[Black "Holzke,F"]
[Result "1/2-1/2"]
[WhiteElo "2193"]
[BlackElo "2492"]

1.d4 Nf6 2.Bg5 Ne4 3.Bf4 c5 4.f3 Qa5+ 5.c3 Nf6 6.d5 e6 7.e4 exd5 8.exd5 d6
9.Qd2 Be7 10.c4 Qxd2+ 11.Kxd2 Nh5 12.Be3 f5 13.f4 Nf6 14.Nc3 Ng4 15.Re1 Kf7
16.Nf3 Nxe3 17.Rxe3 Na6 18.Bd3 Nc7 19.h4 h5 20.Rhe1 Re8 21.g3 Bd7 22.a4 b6
23.Nb5 Bxb5 24.cxb5 g6 25.Bc4 Bf6 26.Ng5+ Bxg5 27.hxg5 Rxe3 28.Rxe3 Rh8 29.a5 h4
30.axb6 axb6 31.gxh4 Rxh4 32.Rf3 Ke7 33.Rf1 Kd8 34.b3 Ne8 35.Ke3 Ng7 36.Be2 Rh3+
37.Rf3 Rh8 38.Bd3 Re8+ 39.Kd2 Nh5 40.Bc2 Re7 41.Bb1 Ke8 42.Kd1 Kf7 43.Kd2 Kf8
44.Bc2 Ra7 45.Kc1 Ra2 46.Kb1 Ra5 47.Bd3 Ra7 48.Kc1 Kg8 49.Bb1 Rh7 50.Kd2 Ng7
51.Bd3 Rh2+ 52.Ke3 Ra2 53.Bc4 Nh5 54.Be2 Ra7 55.Bd3 Ra3 56.Bc4 Ng7 57.Kd2 Kf8
58.Rh3 Nh5 59.Rf3 Kf7 60.Ke3 Ra8 61.Kd2 Ra2+ 62.Ke3 Rb2 63.Kd3 Kg8 64.Ke3 Rg2
65.Bf1 Rh2 66.Bc4 Ng7 67.Rf2 Rh3+ 68.Rf3 Rh4 69.Rf1 Rh3+ 70.Rf3  1/2-1/2

[Event "Premier League"]
[Site "Belgrade SCG"]
[Date "2004.10.02"]
[Round "8"]
[White "Krgovic,V"]
[Black "Zivkovic,S"]
[Result "1/2-1/2"]
[WhiteElo "2152"]
[BlackElo "2311"]

1.d4 Nf6 2.Bg5 Ne4 3.Bh4 c5 4.f3 Qa5+ 5.c3 g5 6.fxe4 gxh4 7.e3 Bh6 8.Kf2 Qb6
9.Qc2 Nc6 10.Nf3 cxd4 11.cxd4 Nb4 12.Qb3 d5 13.exd5 Kf8 14.a3 Nxd5 15.Qxd5 Qxb2+
16.Nbd2 Be6 17.Qh5 Bxe3+ 18.Kxe3 Qxa1 19.Qh6+ Kg8 20.Rg1 Qxa3+ 21.Bd3 Bf5
22.Qg5+ Bg6 23.Ne4 Rc8 24.Nxh4 Rc1 25.Rxc1 Qxc1+ 26.Nd2 Qg1+ 27.Ke2  1/2-1/2

[Event "Tatry Open"]
[Site "Tatranske Zruby SVK"]
[Date "2004.10.02"]
[Round "9"]
[White "Bukacek,L"]
[Black "Daels,M"]
[Result "0-1"]
[WhiteElo "2091"]
[BlackElo "2217"]

1.d4 Nf6 2.Bg5 Ne4 3.Bh4 c5 4.f3 g5 5.fxe4 gxh4 6.e3 Bh6 7.Qd3 Qb6 8.b3 Nc6
9.c3 e5 10.Nf3 d6 11.Nbd2 cxd4 12.Nc4 Qd8 13.exd4 exd4 14.Nxd4 O-O 15.Nxc6 bxc6
16.Rd1 d5 17.Be2 Qe7 18.exd5 cxd5 19.Qxd5 Bg4 20.O-O Bxe2 21.Rde1 h3 22.Qf5 Rad8
23.Qf2 Rfe8 24.Qg3+ Kh8 25.Qxh3 Qc5+ 26.Kh1 Bxf1 27.Rxf1 Qf2  0-1

[Event "Tch-FIN 2004-5"]
[Site "Finland FIN"]
[Date "2004.10.09"]
[Round "3"]
[White "Karttunen,M"]
[Black "Kiik,K"]
[Result "1-0"]
[WhiteElo "2414"]
[BlackElo "2436"]

1.d4 Nf6 2.Bg5 Ne4 3.Bf4 d6 4.e3 Nd7 5.Bd3 Nef6 6.Nf3 g6 7.e4 Bg7 8.Nc3 O-O
9.Qd2 a6 10.Bh6 e5 11.Bxg7 Kxg7 12.O-O-O c6 13.h4 h5 14.dxe5 dxe5 15.Ng5 Nc5
16.f3 Qe7 17.Be2 a5 18.Rdg1 b5 19.g4 b4 20.Nd1 a4 21.Ne3 Rd8 22.Qe1 b3 23.Kb1 bxc2+
24.Kxc2 a3 25.b3 Rd4 26.gxh5 Nxh5 27.Bc4 Be6 28.Nxe6+ fxe6 29.Rg5 Rad8 30.Rh2 Nf4
31.Qg3 Qd6 32.Bd5 cxd5 33.h5 Nxe4 34.Rxg6+ Kh8 35.Rh6+  1-0

[Event "XI Bela Papp Mem"]
[Site "Torokbalint HUN"]
[Date "2004.10.18"]
[Round "3"]
[White "Galyas,M"]
[Black "Ilincic,Z"]
[Result "1-0"]
[WhiteElo "2438"]
[BlackElo "2522"]

1.d4 Nf6 2.Bg5 Ne4 3.Bf4 c5 4.f3 Qa5+ 5.c3 Nf6 6.Nd2 cxd4 7.Nb3 Qf5 8.Bxb8 Rxb8
9.Qxd4 b6 10.e4 Qf4 11.Nh3 Qc7 12.e5 Ng8 13.O-O-O e6 14.Ng5 Ne7 15.Bb5 Ng6
16.f4 Bc5 17.Qd2 O-O 18.Bd3 f6 19.h4 fxg5 20.hxg5 Kf7 21.Rxh7 Ne7 22.Qe2 Rg8
23.Rf1 Nf5 24.Qh5+ Kf8 25.Rh8 Bb7 26.Rxg8+ Kxg8 27.g4 Bg2 28.Re1 Ne7 29.Qh7+ Kf7
30.g6+ Kf8 31.f5 exf5 32.gxf5 Bd5 33.f6 gxf6 34.g7+ Ke8 35.exf6 Qg3 36.g8=Q+ Bxg8
37.Rxe7+ Kd8 38.Rxd7+ Kc8 39.Ba6+  1-0

[Event "36th Olympiad"]
[Site "Calvia ESP"]
[Date "2004.10.20"]
[Round "6"]
[White "Kurajica,B"]
[Black "Jobava,Ba"]
[Result "0-1"]
[WhiteElo "2541"]
[BlackElo "2614"]

1.d4 Nf6 2.Bg5 Ne4 3.Bf4 c5 4.dxc5 Nc6 5.Qd5 f5 6.e3 e6 7.Qd1 Bxc5 8.Nd2 O-O
9.Ngf3 d5 10.Nb3 Bb6 11.Bb5 g5 12.Bg3 Ne7 13.Bd3 Ng6 14.Qe2 f4 15.exf4 gxf4
16.O-O-O Qe7 17.Bxe4 dxe4 18.Qxe4 fxg3 19.fxg3 e5 20.Rhe1 Bf5 21.Qd5+ Kg7
22.Rd2 Rfd8 23.Qb5 Rac8 24.c3 Rd6 25.Qb4 Rcd8 26.Rxd6 Rxd6 27.Nbd2 a5 28.Qa4 Rd3
29.g4 Be6 30.Qb5 Rd6 31.Nc4 Bxc4 32.Qxc4 Qd7 33.Qe4 Qb5 34.Qxb7+ Rd7 35.Qe4 Bf2
36.Re2 Bc5 37.h4 Bd6 38.g3 a4 39.h5 Nf8 40.Rd2 a3 41.b3 Qf1+ 42.Rd1 Qf2 43.Rd2 Qxg3
44.Kc2 Rf7 45.Ng5 Rc7 46.h6+ Kh8 47.Rd3 Qh2+ 48.Rd2 Qxh6 49.Qf5 Kg8 50.Ne4 Be7
51.Qxe5 Qc6 52.Rf2 Ng6 53.Qf5 Bh4 54.Rf1 Re7 55.Nd2 Kg7 56.Rf3 h6 57.b4 Bg5
58.b5 Qa8 59.Rd3 Bxd2 60.Rd6 Bg5 61.Rxg6+ Kh8 62.Kb3 Re2 63.Ra6 Qg8+ 64.Kb4 Be7+
65.Ka5 Bd8+ 66.b6 Qe8 67.Kb4 Rb2+ 68.Kxa3 Rb5  0-1

[Event "Essent Open"]
[Site "Hoogeveen NED"]
[Date "2004.10.21"]
[Round "7"]
[White "Westerkamp,B"]
[Black "Wilson,A"]
[Result "1-0"]
[WhiteElo "2115"]
[BlackElo "2070"]

1.d4 Nf6 2.Bg5 Ne4 3.Bf4 d5 4.e3 Bf5 5.Nd2 e6 6.Ngf3 Bd6 7.Nxe4 Bxe4 8.Ne5 Nd7
9.Nxd7 Qxd7 10.Bxd6 Qxd6 11.c3 O-O 12.f3 Bg6 13.Bd3 e5 14.O-O c6 15.Bxg6 fxg6
16.Qb3 Rf7 17.Rae1 Re8 18.e4 exd4 19.exd5 Rxe1 20.Rxe1 cxd5 21.cxd4 Rc7 22.Re5 Rd7
23.Qe3 Qf6 24.Qa3 Qb6 25.Re8+ Kf7 26.Qf8+  1-0

[Event "36th Olympiad"]
[Site "Calvia ESP"]
[Date "2004.10.22"]
[Round "7"]
[White "Wang Yue"]
[Black "Pierrot,F"]
[Result "1/2-1/2"]
[WhiteElo "2536"]
[BlackElo "2436"]

1.d4 Nf6 2.Bg5 Ne4 3.Bf4 d5 4.e3 c6 5.Bd3 Qb6 6.Qc1 Nd7 7.Ne2 Ndf6 8.O-O e6
9.c4 dxc4 10.Bxc4 Be7 11.Qc2 Nd6 12.Bb3 O-O 13.Nd2 a5 14.a3 Bd7 15.Ba2 Rfc8
16.e4 Nfe8 17.Rac1 Qa6 18.Ng3 c5 19.dxc5 b6 20.Be3 Nb7 21.Bc4 b5 22.Qd3 Rc7
23.Ba2 Rd8 24.e5 Nxc5 25.Bxc5 Rxc5 26.Rxc5 Bxc5 27.Bb1 g6 28.Nde4 Be7 29.Rc1 Bc6
30.Qe3 b4 31.axb4 axb4 32.h3 Qb5 33.Qf4 Qd5 34.h4 Bb7 35.Bc2 b3 36.Bd1 Rc8
37.Ra1 Ra8 38.Rc1 Rc8  1/2-1/2

[Event "Essent Open"]
[Site "Hoogeveen NED"]
[Date "2004.10.23"]
[Round "9"]
[White "Westerkamp,B"]
[Black "Vroombout,E"]
[Result "1/2-1/2"]
[WhiteElo "2115"]
[BlackElo "2169"]

1.d4 Nf6 2.Bg5 Ne4 3.Bf4 d5 4.Nd2 Bf5 5.e3 e6 6.Ngf3 Be7 7.Nxe4 Bxe4 8.Bd3 Bg6
9.O-O O-O 10.Ne5 Nd7 11.c3 Nxe5 12.Bxe5 Qd7 13.Qe2 Bxd3 14.Qxd3 Bd6 15.Bxd6 Qxd6
16.e4 dxe4 17.Qxe4 Qd5 18.Qxd5 exd5 19.Rfe1 Rfe8 20.f3 Kf8 21.Kf2 a5 22.Rad1 a4
23.Rd2 Rxe1 24.Kxe1 Ke7 25.Re2+ Kd6 26.Kd2 g5 27.Kd3 b5 28.Re1 Rg8 29.b3 Ra8
30.c4 axb3 31.c5+ Kc6 32.axb3 b4 33.Re2 Ra3 34.Kc2 Ra1 35.Kd2 Rb1 36.Kc2 Rf1
37.Kd2 h6 38.Re1 Rxe1 39.Kxe1 Kd7 40.Kf2 Ke6 41.Kg3 Kf5 42.Kf2 g4 43.Ke3 h5
44.f4 h4 45.g3 h3 46.Kd3 c6  1/2-1/2

[Event "World Seniors"]
[Site "Halle GER"]
[Date "2004.10.24"]
[Round "1"]
[White "Packroff,H"]
[Black "Donchenko,A"]
[Result "1/2-1/2"]
[WhiteElo "2209"]
[BlackElo "2418"]

1.d4 Nf6 2.Bg5 Ne4 3.h4 h6 4.Bf4 d5 5.Nd2 Nf6 6.e3 e6 7.Bd3 c5 8.c3 Bd6 9.Bxd6 Qxd6
10.Ngf3 Nc6 11.dxc5 Qxc5 12.e4 O-O 13.O-O e5 14.Qc2 a5 15.Rad1 Be6 16.Rfe1 Rfe8
17.exd5 Bxd5 18.Ne4 Nxe4 19.Bxe4 Rad8 20.Bxd5 Rxd5 21.Qb3 Rxd1 22.Rxd1 e4
23.Nd4 Qh5 24.Nxc6 bxc6 25.Re1 Qxh4 26.Qb6 Re6 27.Qxa5 Qg4 28.Qd8+ Kh7 29.Qd4 f5
30.Re3 Rg6 31.Rg3 Qe2 32.Rxg6 Kxg6 33.Qd6+ Kg5 34.Qg3+ Kf6 35.Qd6+  1/2-1/2

[Event "36th Olympiad"]
[Site "Calvia ESP"]
[Date "2004.10.25"]
[Round "10"]
[White "Lebel Arias,J"]
[Black "Seegolam,P"]
[Result "1/2-1/2"]
[WhiteElo "1986"]
[BlackElo "2200"]

1.d4 Nf6 2.Bg5 Ne4 3.h4 d5 4.Nd2 Nxg5 5.hxg5 Nc6 6.Ngf3 Qd6 7.c3 Bd7 8.e3 O-O-O
9.b4 f6 10.b5 Na5 11.Qa4 Qb6 12.Rb1 Bf5 13.Rc1 Be6 14.c4 dxc4 15.Nxc4 Nxc4
16.Bxc4 Bxc4 17.Qxc4 e6 18.O-O h6 19.g6 Rd5 20.a4 Be7 21.e4 Rd6 22.Rc2 Rhd8
23.Rfc1 R8d7 24.a5 Qxa5 25.Ra2 Qb6 26.Rca1 c6 27.Rxa7 Qxb5 28.Ra8+ Kc7 29.Qc3 Rd8
30.R8a5 Qb6 31.R5a4 Kd7 32.Rb4 Qc7 33.Ra7 Rb8 34.Qb2 Kc8 35.g3 Rd7 36.Rb6 Bd8
37.Rb4 Be7  1/2-1/2

[Event "Open"]
[Site "Liberec CZE"]
[Date "2004.10.25"]
[Round "3"]
[White "Rynt,P"]
[Black "Valenta,V jr"]
[Result "1-0"]
[WhiteElo "2108"]
[BlackElo "2164"]

1.d4 Nf6 2.Bg5 Ne4 3.Bf4 g6 4.Nd2 Nf6 5.e4 Bg7 6.c3 d6 7.Bc4 O-O 8.Ngf3 Nbd7
9.O-O Nb6 10.Bb3 Nh5 11.Bg5 h6 12.Be3 e5 13.Qc2 Qe7 14.a4 Nf4 15.a5 Nd7 16.Bxf4 exf4
17.Rfe1 g5 18.e5 dxe5 19.Nxe5 Nxe5 20.Rxe5 Bxe5 21.Re1 Qf6 22.Rxe5 Be6 23.Bxe6 fxe6
24.Qe4 b6 25.Rxe6 Qf5 26.Qc6 Kg7 27.Re7+ Kg8 28.Ne4 Rad8 29.Qxh6 Rf7 30.Re6 Rg7
31.Re5 Qh7 32.Nf6+  1-0

[Event "36th Olympiad"]
[Site "Calvia ESP"]
[Date "2004.10.26"]
[Round "11"]
[White "Cueto,J BOL"]
[Black "Isaev,J"]
[Result "0-1"]
[WhiteElo "2306"]
[BlackElo "2424"]

1.d4 Nf6 2.Bg5 Ne4 3.h4 c5 4.d5 Qb6 5.Qc1 e6 6.c4 exd5 7.cxd5 c4 8.Qe3 Bb4+
9.Kd1 f5 10.Qxb6 axb6 11.Nh3 Ra5 12.e3 Rxd5+ 13.Kc2 Nc6 14.Bxc4 Rc5 15.Kb3 b5
16.Be2 d6 17.Nc3 Nxc3 18.bxc3 Bxc3 19.Rab1 Be6+ 20.Kc2 Nb4+ 21.Rxb4 Bxb4+
22.Kb1 Kd7 23.Nf4 Bc4 24.Nd3 Bxd3+ 25.Bxd3 Ba3 26.e4 fxe4 27.Bxe4 Rc4 28.Bf5+ Kc6
29.Bc2 Rb4+ 30.Bb3 Re4 31.Rd1 Re2 32.Be3 Ra8 33.Bd5+ Kc7 34.Bd4 Bc5 35.Bxg7 Rxf2
36.h5 Ra4 37.h6 Rb4+ 38.Ka1 Be3 39.Rh1 Bd4+ 40.Bxd4 Rxd4 41.Bg8 Rxg2 42.Bxh7 Rdd2
43.Bb1 Rh2 44.Rc1+ Kb6 45.h7 Rd4 46.Rc8 Rdh4 47.Be4 Rxe4  0-1

[Event "36th Olympiad w"]
[Site "Calvia ESP"]
[Date "2004.10.26"]
[Round "11"]
[White "Laesson,T"]
[Black "Evans Quek,D"]
[Result "0-1"]
[WhiteElo "2254"]
[BlackElo "2013"]

1.d4 Nf6 2.Bg5 Ne4 3.Bf4 g5 4.Bc1 h6 5.f3 Nd6 6.e4 f5 7.Bd3 Nc6 8.e5 Nf7
9.Bxf5 e6 10.Bg6 Qe7 11.Ne2 b6 12.b3 Bb7 13.Ba3 d6 14.Nd2 O-O-O 15.c3 h5
16.Qc2 g4 17.f4 Ba6 18.O-O-O Bg7 19.exd6 cxd6 20.Be4 d5  0-1

[Event "36th Olympiad"]
[Site "Calvia ESP"]
[Date "2004.10.26"]
[Round "11"]
[White "Winants,L"]
[Black "Ibraev,N"]
[Result "1/2-1/2"]
[WhiteElo "2519"]
[BlackElo "2476"]

1.d4 Nf6 2.Bg5 Ne4 3.Bf4 c5 4.d5 Qb6 5.Nd2 Qxb2 6.Nxe4 Qb4+ 7.Qd2 Qxe4 8.e3 e5
9.dxe6 Qxe6 10.Ne2 Be7 11.Nc3 O-O 12.Nd5 Bd8 13.Be2 Nc6 14.O-O Ba5 15.c3 d6
16.Rfd1 Rd8 17.Rab1 Rb8 18.Qc2 Ne5 19.Bg5 f6 20.Bh4 Kh8 21.f4 Ng6 22.Bf2 Ne7
23.Bf3 Qf7 24.c4 Bf5 25.e4 Be6 26.Ne3 Nc6 27.Qd3 a6 28.a4 Nd4 29.Ra1 Re8
30.f5 Bd7 31.Nd5 Nc6 32.Nf4 Ne5 33.Qxd6 Qxc4 34.Qxc5 Qxc5 35.Bxc5 Rec8 36.Bd6 Bc7
37.a5 Bb5 38.Ne6 Bxd6 39.Rxd6 Bc4 40.Nf4 Rd8 41.Rxd8+ Rxd8 42.Be2 Bf7 43.Rb1 Rd7
44.h4 g5 45.hxg5 fxg5 46.Nh3 h6 47.Nf2 h5 48.g4 Bc4 49.Bxc4 Nxc4 50.gxh5 Nxa5
51.e5 Nc6 52.e6 Re7 53.Ng4 Nd4 54.Ne3 g4 55.Rd1 Nxe6 56.fxe6 Rxe6 57.Nf5 Rf6
58.Rd8+ Kh7 59.Rd7+ Kh8 60.Ng3 b5 61.Rb7 a5 62.Rxb5 Ra6 63.Rb3 a4 64.Ra3 Kh7
65.Kf2 Kh6 66.Ke3 Kg5 67.Kd4 Kh4 68.Kc5 Rf6 69.Kb4 Rf4+ 70.Kb5 Rf3 71.Kxa4 Kxg3
72.h6 Kg2  1/2-1/2